00878nam a2200193Ia 4500008004100000040003800041041000800079084000900087100004100096245022800137260002900365300002800394336002900422337003300451338002800484502010300512942005400615999001500669250911t1984||||xx |||||||||||||| ||spa|| agtgcuscobspacgtgcuscodgtgcusco aspa aT812 aDe León Ochoa, Jaime René915728 0aFactores que inciden negativamente en la aceptación del tratamiento Odontológico, por las señoras embarazadas residentes en el área urbana de los municipios de Cantel, Quetzaltenango y San Cristóbal Totonicapán. aGuatemala :bUSAC,c1984 a62 p. : bil. :c27 cm. atextobtxt2rdacontenido aSin mediaciónbn2rdamedio avolumenbnc2rdasoporte aTesis (Cirujano Dentista) -- Universidad de San Carlos de Guatemala, Facultad de Odontología. -- aBiblioteca Facultad de OdontologíacTESISkT812 c7092d7092